000 01438nam a22002657a 4500
003 NALT
005 20251125232949.0
008 s2511 th thaeng
040 _aNALT
041 _athaeng
090 _aKF53.5.1
_bร914ต 2510 ส.51
110 2 _aกรมแรงงาน
_955325
245 1 0 _aตัวบท คำแปล สรุป และความเห็นประกอบอนุสัญญาและข้อแนะขององค์การการกรรมกรระหว่างประเทศ สมัยประชุมที่ 51 (พ.ศ. 2510) /
_cกรมแรงงาน.
260 _aกรุงเทพฯ :
_bกรมแรงงาน,
_c2511
300 _a63, 49 หน้า ;
_c30 ซม.
610 _aกรมแรงงาน
650 0 4 _aILO -- Recommendations
650 0 4 _aInternational Labour Organization -- Recommendations
650 0 4 _aองค์การการกรรมกรระหว่างประเทศ -- ข้อแนะ
650 0 4 _aองค์การการกรรมกรระหว่างประเทศ -- ข้อแนะInternational Labour Organization -- RecommendationsILO -- Recommendations
850 _aNALT
856 4 0 _uhttps://hdl.handle.net/20.500.14156/301200
942 _cLB
_2lcc
999 _c44715
_d44715
998 _j109
_k อารีรัตน์ วิชาช่าง